[Event "Torneo Interdepartamental 2020"]
[Site "Punta del Este"]
[Date "2020.11.01"]
[Round "4.1"]
[White "Carbone, Diego"]
[Black "Dominguez, Facundo"]
[Result "1/2-1/2"]
[WhiteElo "2219"]
[BlackElo "2170"]
[Annotator "TA"]
[PlyCount "47"]
[EventDate "2020.10.31"]
[EventType "team-tourn"]
[EventCountry "URU"]
[SourceTitle "playchess.com"]
[Source "ChessBase"]
[SourceQuality "1"]

{[%evp 21,47,35,45,37,57,56,95,97,104,104,85,83,97,78,80,79,70,55,47,0,0,-14,28,0,0,-70,-77,-68]} 1. d4 Nf6 2. c4 c5 3. d5 e6 4. Nc3 exd5 5. cxd5 d6 6. Nf3 g6 7. g3 Bg7 8. Bg2 O-O 9. O-O a6 10. a4 Nbd7 11. Bf4 Qe7 $1 {The main line 11...Qe7 scores better than 11...Qc7.} 12. Rb1 {[#] A63: Modern Benoni: Fianchetto Variation: 9...Nbd7.} Ne8 $146 ({Predecessor:} 12... Re8 13. Qc1 Qf8 14. Re1 h6 15. Qc2 Rb8 16. b4 c4 17. h3 Nh5 18. Bd2 b5 19. axb5 axb5 {½-½ (40) Paehtz,E (2477)-Korobov,A (2699) Wijk aan Zee 2019}) 13. Qd2 Ne5 14. Nxe5 {White is better.} Bxe5 15. Bh6 Ng7 16. b4 b6 17. Rfe1 Re8 18. bxc5 bxc5 19. e4 Bd7 20. f4 ({White should play} 20. Be3 $14) 20... Bd4+ $11 21. Kh1 Nh5 22. Rb7 Reb8 23. Reb1 (23. Rxb8+ $1 $11 Rxb8 24. Ne2) 23... Qe8 24. Ne2 {Av CentiPawn Loss W=-16/B=-5. Weighted=-16/-5} 1/2-1/2

[Event "Torneo Interdepartamental 2020"]
[Site "Punta del Este"]
[Date "2020.11.01"]
[Round "4.2"]
[White "Bustelo, Tabare"]
[Black "Manteiga, Franco"]
[Result "0-1"]
[WhiteElo "2053"]
[BlackElo "1832"]
[Annotator "TA"]
[PlyCount "73"]
[EventDate "2020.10.31"]
[EventType "team-tourn"]
[EventCountry "URU"]
[SourceTitle "playchess.com"]
[Source "ChessBase"]
[SourceQuality "1"]

{[%evp 19,73,21,25,20,25,0,0,0,4,-22,-20,-36,-37,-48,-51,-77,-73,-72,-63,-63,0,-261,0,-262,0,-1114,-1106,-1598,-791,-805,-794,-787,0,-780,-768,-1199,-1193,-29953,-12798,-1957,-1216,-1157,-967,-6391,-6387,-1793,-1160,-29983,-29984,-29984,-29985,-29985,-29986,-29989,-29985,-29996]} 1. d4 Nf6 2. Nc3 d5 3. Bg5 e6 4. e4 dxe4 5. Nxe4 Be7 6. Bxf6 Bxf6 7. Nf3 O-O 8. c3 b6 9. Bd3 Bb7 10. Qe2 Nd7 11. O-O-O {C13: French: Classical System: 4 Bg5 Be7, Alekhine-Chatard Attack.} Qe7 12. g4 g6 13. h4 {The position is equal.} c5 14. g5 Bg7 {[#]} 15. dxc5 $146 ({Predecessor:} 15. h5 cxd4 16. cxd4 Qb4 17. Kb1 Bd5 18. Nc3 Bxf3 19. Qxf3 Bxd4 20. a3 Qb3 21. Bc2 {1-0 (31) Chandra,A (2524)-Zhong,W (1804) Tianjin 2019}) 15... Nxc5 16. Nxc5 Qxc5 17. Be4 Bxe4 18. Qxe4 Rac8 19. h5 Bxc3 (19... Qxf2 $15 20. Kb1 Rfd8) 20. hxg6 $2 {[%mdl 8192] Black converts the advantage convincingly.} (20. bxc3 $11 {and White stays safe.} Qxc3+ 21. Kb1) 20... hxg6 $2 (20... Bg7+ $19 21. Kb1 hxg6) 21. Kb1 $2 {[%mdl 8192] [#]} (21. bxc3 $11 Qxc3+ 22. Kb1) 21... Bxb2 $2 $40 {[%mdl 128] Black mounts an attack.} ({Better is} 21... Qb5 $1 $19 {[%csl Gc3][%cal Rb5b2]} 22. Qc2 Bg7) 22. Qe2 $2 {[%mdl 8192]} (22. Kxb2 $11 Qc3+ 23. Kb1) 22... Bg7 $19 {( -> ...Qb4+)} 23. Qd3 Qb4+ 24. Qb3 Qe4+ 25. Qd3 Qb4+ 26. Qb3 Qa5 {White must now prevent ...Rc3.} 27. Rd3 Rc5 28. Qd1 Rb5+ 29. Rb3 Rxb3+ 30. Qxb3 Qf5+ 31. Kc1 Rc8+ 32. Kd2 Bc3+ 33. Ke2 Qe4+ {Black mates.} 34. Kf1 Qxf3 35. Rh4 Rd8 36. Qb1 {[#]} Bb2 $1 37. Qc1 {Av CentiPawn Loss W=349/B=-154. Weighted=-1/-151} (37. Qxb2 Rd1#) 0-1

[Event "Torneo Interdepartamental 2020"]
[Site "Punta del Este"]
[Date "2020.11.01"]
[Round "4.3"]
[White "Bentancurt, Juan"]
[Black "Nunez V, Daniel Fernando"]
[Result "1-0"]
[WhiteElo "1720"]
[BlackElo "2208"]
[Annotator "TA"]
[PlyCount "37"]
[EventDate "2020.10.31"]
[EventType "team-tourn"]
[EventCountry "URU"]
[SourceTitle "playchess.com"]
[Source "ChessBase"]
[SourceQuality "1"]

{[%evp 9,37,-5,42,40,100,100,100,101,101,95,99,99,99,110,108,108,150,70,75,60,86,26,137,61,200,189,193,0,556,-161]} 1. e4 e5 2. Nf3 Nc6 3. Bb5 d6 4. Bxc6+ bxc6 5. Nc3 h6 {[#]} 6. d4 $146 {C62: Ruy Lopez: Steinitz Defence.} ({Predecessor:} 6. d3 Nf6 7. O-O Be7 8. h3 O-O 9. a3 d5 10. Qe1 Bc5 11. b4 Bb6 12. Be3 d4 {½-½ (36) Veliscek,I (1500)-Ambrus,A (1500) Sentjur 2005}) 6... Bg4 (6... exd4 $14 7. Qxd4 (7. Nxd4 Ne7 $11) 7... c5) 7. dxe5 $16 Bxf3 8. Qxf3 {White is better.} dxe5 9. O-O Bd6 10. Be3 Qf6 11. Qe2 Ne7 12. Na4 g5 13. c4 ({White should play} 13. Rad1 $16) 13... Ng6 $1 $14 14. g3 h5 15. Nc5 ({White should try} 15. Rad1 $16) 15... h4 (15... Nf4 $11 {keeps the balance.} 16. gxf4 gxf4) 16. Nd3 (16. Na6 $16 {Hoping for c5.} O-O 17. Rad1) 16... O-O-O ({Better is} 16... Nf4 $14 17. gxf4 gxf4) 17. c5 ({Don't take} 17. Bxa7 Qe6 $16) 17... Be7 18. Rad1 $2 {[#]} (18. Nb4 $18 Rd4 19. Bxd4 exd4 20. Rac1) 18... Qe6 $2 {[%mdl 8192]} (18... hxg3 $1 $11 19. fxg3 Nf4 20. gxf4 gxf4) 19. f4 $4 {[%mdl 40960] Av CentiPawn Loss W=-82/B=-72. Weighted=-147/-105. Loss on time!?} (19. Nb4 $18 Rd4 20. Bxd4 exd4 21. Qa6+ {[%mdl 64] Double Attack} Kd7 22. Rxd4+ Ke8 23. Qxc6+ Kf8 24. Qxe6 fxe6 25. Na6) 1-0

[Event "Torneo Interdepartamental 2020"]
[Site "Punta del Este"]
[Date "2020.11.01"]
[Round "4.4"]
[White "Caitano, Martin Joel"]
[Black "Coppola, Claudio"]
[Result "1/2-1/2"]
[WhiteElo "2086"]
[BlackElo "2278"]
[Annotator "TA"]
[PlyCount "90"]
[EventDate "2020.10.31"]
[EventType "team-tourn"]
[EventCountry "URU"]

{[%evp 9,90,12,52,44,52,35,43,48,43,38,45,41,43,48,31,3,0,10,6,4,15,18,11,0,0,0,0,0,0,0,0,0,0,-29,-29,-16,-20,-20,-28,-31,0,0,0,-10,0,0,0,0,0,0,0,0,0,0,0,0,0,0,0,0,0,0,0,0,0,0,0,0,0,0,0,0,0,0,0,0,0,0,8,8,8,8,8]} 1. d4 Nf6 2. c4 c5 3. d5 b5 4. cxb5 a6 5. bxa6 g6 6. Nc3 {A58: Benko/Volga Gambit: Lines with 5 bxa6.} Bg7 7. e4 {Threatens to win with e5.} O-O 8. Nf3 {White is slightly better.} Qa5 {With the idea ...Nxe4.} 9. Bd2 {And now e5 would win.} Bxa6 10. Be2 Bxe2 11. Qxe2 Qa6 12. e5 Qxe2+ 13. Kxe2 Ng4 14. Bf4 f6 {[%cal Rf6e5] [#]} 15. exf6 $146 ({Predecessor:} 15. Ne4 Ra4 16. Nxc5 Rxf4 17. g3 Rb4 18. Nd3 Re4+ 19. Kf1 fxe5 {0-1 (19) Pranav,A (2303)-Haldorsen,B (2450) Graz 2019}) 15... Rxf6 16. Bd2 Rb6 17. Rhb1 Na6 18. h3 Ne5 19. Na4 Rb7 20. Nxe5 Bxe5 21. Bc3 Bd6 22. b3 Nc7 23. Rd1 c4 24. Rab1 Rab8 {[%cal Rc4b3]} (24... Rb5 {is more complex.} 25. Kf1 cxb3 26. axb3 Ra6 27. Bd4 Nxd5 28. Rdc1 Kf7) 25. Ba5 {The position is equal.} cxb3 26. axb3 Rxb3 27. Rxb3 Rxb3 28. Bxc7 Bxc7 $11 {[%mdl 4096] Endgame KRB-KRN} 29. Nc5 Rb2+ 30. Rd2 Rxd2+ 31. Kxd2 {KB-KN} Bb6 32. Nxd7 Bxf2 33. Kd3 Bg3 34. Nc5 Kf7 35. Ne4 Bh2 36. g4 h5 37. Kc4 Ke8 38. Kc5 Kd7 39. Kc4 Be5 40. Kc5 Bb8 41. Kc4 Ba7 42. gxh5 gxh5 43. Ng3 h4 44. Nf5 Bf2 45. Kd3 e6 {Av CentiPawn Loss W=-2/B=-1. Weighted=-2/-1} 1/2-1/2

[Event "Torneo Interdepartamental 2020"]
[Site "Punta del Este"]
[Date "2020.11.01"]
[Round "4.5"]
[White "Chamlian, Aram"]
[Black "Ibanez, Juan Rodrigo"]
[Result "0-1"]
[WhiteElo "1710"]
[BlackElo "2107"]
[Annotator "TA"]
[PlyCount "78"]
[EventDate "2020.10.31"]
[EventType "team-tourn"]
[EventCountry "URU"]
[SourceTitle "playchess.com"]
[Source "ChessBase"]
[SourceQuality "1"]

{[%evp 9,77,2,-9,-27,-25,-39,-14,-38,-28,-22,-27,-60,-42,-38,1,-50,-27,-50,-29,-29,-29,-73,-34,-72,-54,-210,-203,-217,-210,-216,-200,-216,-193,-214,-191,-306,-283,-289,-148,-153,-143,-441,-445,-451,-447,-417,-377,-400,-327,-481,-454,-514,-495,-502,-459,-581,-509,-735,-542,-984,-972,-948,-895,-1927,-720,-1080,-1075,-29998,-29999,-29999]} 1. e4 d6 2. d3 g6 3. g3 Bg7 4. Bg2 e5 5. Nf3 Ne7 6. Bg5 {A04: Unusual lines after 1 Nf3 and King's Indian Attack.} h6 7. Bd2 O-O 8. O-O {[#] The position is equal.} c5 $146 ({Predecessor:} 8... c6 9. Nc3 Be6 10. Qc1 Kh7 11. Be3 d5 12. Ne2 d4 13. Bd2 Na6 14. Rd1 c5 {0-1 (50) Gruber,M (1431)-Lietzau,O (1728) Heusenstamm 2016}) 9. Nc3 Nbc6 10. Ne2 b5 11. c3 a5 12. h3 (12. Be3 $11) 12... Ba6 13. Nh2 f5 14. exf5 gxf5 15. f4 c4 16. d4 exd4 17. Nxd4 $2 {[#]} (17. cxd4 $15 Bb7 18. Nf3) 17... Nxd4 $19 18. Bxa8 Qxa8 19. Be3 Ne6 {...Nd5 is the strong threat.} 20. Qxd6 Kf7 21. Bb6 Bb7 22. Rfe1 (22. Rae1 $142 Be4 23. Nf3) 22... Be4 23. Rad1 Re8 (23... Rc8 $19 {Hoping for ...Rc6.} 24. Qd7 Rc6) 24. Qd7 $17 {and if Rd6 works, White does fine.} Qc6 25. Bxa5 $2 {[%mdl 8192] Now White is beyond hope.} (25. Qxc6 $17 {keeps fighting.} Nxc6 26. Rd7+ Kg8 27. Nf1) 25... Nc5 $19 26. Qxc6 Nxc6 ({Less strong is} 26... Bxc6 27. Rd8 $17) 27. Bb6 Nd3 28. Re2 Rb8 29. Be3 (29. Bc7 $142 Rg8 30. Nf1) 29... b4 30. g4 bxc3 31. bxc3 Ne7 32. gxf5 Nxf5 {[#] Threatens to win with ...Rg8.} 33. Ba7 Re8 34. Bd4 Nxf4 35. Rxe4 Rxe4 36. Bxg7 Kxg7 (36... Re2 $142 37. Nf1 Nxh3+ 38. Kh1 Nf2+ {[%mdl 64] Double Attack} 39. Kg1 Nxd1 40. Bxh6 Nxh6) 37. a4 Re2 38. Ng4 Nxh3+ 39. Kf1 Ng3# {Av CentiPawn Loss W=-124/B=-90. Weighted=-148/-52} 0-1

[Event "Torneo Interdepartamental 2020"]
[Site "Punta del Este"]
[Date "2020.11.01"]
[Round "4.6"]
[White "Vaz Lacuesta, Leonardo"]
[Black "Escofet, Jaime"]
[Result "1-0"]
[WhiteElo "2085"]
[BlackElo "2001"]
[Annotator "TA"]
[PlyCount "79"]
[EventDate "2020.10.31"]
[EventType "team-tourn"]
[EventCountry "URU"]
[SourceTitle "playchess.com"]
[Source "ChessBase"]
[SourceQuality "1"]

{[%evp 12,79,-14,-1,-2,-9,0,0,7,0,2,2,0,0,0,0,0,0,28,-12,33,33,131,24,150,0,0,-31,58,43,33,25,292,318,293,287,289,292,305,145,129,137,216,70,75,57,64,53,47,0,79,-30,-39,-37,155,133,187,189,225,49,209,237,380,372,29989,29983,29990,669,29984,29983]} 1. e4 c6 2. d4 d5 3. exd5 cxd5 4. c3 Nc6 5. Nf3 Qc7 6. Bd3 Bg4 7. O-O e6 {B13: Caro-Kann: Exchange Variation and Panov-Botvinnik Attack.} 8. Nbd2 Nf6 9. Re1 Be7 {The position is equal.} 10. Qa4 {[#]} O-O $146 ({Predecessor:} 10... Bxf3 11. Nxf3 O-O 12. Ne5 Bd6 13. f4 Rac8 14. Qd1 a6 15. g4 Ne4 16. Bxe4 dxe4 17. Rxe4 {½-½ (54) Martyniuk,C-Vilar Lopez,M (2115) Elista 1998}) 11. Ne5 Bh5 12. f4 a6 13. Ndf3 b5 14. Qc2 Rac8 15. Qf2 Bxf3 16. Qxf3 Na5 (16... b4 $14) 17. Qh3 (17. f5 $16) 17... g6 (17... Nc4 $11) 18. Re3 (18. f5 $1 $16 {[%cal Rf5g6]} exf5 19. Bxf5 $1 {[%mdl 512]}) 18... Nc4 $11 19. Rg3 {[%cal Rd3g6]} Ne4 ({Black should try} 19... Rfe8 $15) 20. Bxe4 $1 $14 dxe4 21. Qh6 $36 {[%mdl 2048] And now Rh3 would win. White fights for an advantage.} Bf6 $2 {[%mdl 8192]} (21... Bd6 $1 $11) 22. Rh3 $18 {[%csl Gh3][%cal Rh6h7]} Rfd8 23. Qxh7+ Kf8 24. Ng4 Bg7 {[#]} 25. Nh6 (25. f5 $1 $18 {[%mdl 512] is more deadly.} gxf5 (25... exf5 26. Qxg7+) 26. Nh6 Bxh6 27. Bxh6+ Ke8 28. a4) 25... Bxh6 $16 26. Qxh6+ Ke8 (26... Ke7 $16 {was necessary.}) 27. Qh8+ (27. b3 $18 Nd6 28. Qg7 (28. Ba3 Kd7 $18)) 27... Kd7 $14 28. Qf6 Kc6 29. b3 Nb6 30. Ba3 Kb7 (30... Nd5 $11 31. Qe5 Qxe5 32. fxe5 Nf4) 31. Bb2 ({Better is} 31. Qe5 $16) 31... Nd5 $11 32. Qe5 Nxf4 $2 (32... f5 $15 {keeps the upper hand.} 33. Rf1 Qf7) 33. Qxe4+ $16 Ka7 (33... Kb8 $16) 34. Rf3 $18 g5 35. Ba3 $2 (35. Bc1 $18) 35... a5 $2 (35... f5 $14 36. Qc2 Kb8) 36. Bc5+ Ka6 (36... Kb8 $142 37. a4 b4 38. cxb4 axb4) 37. a4 {aiming for axb5+.} Rh8 $2 (37... b4 $18 38. Rxf4 gxf4 39. Qd3+ (39. cxb4 Rd5 $18) 39... Kb7) 38. axb5+ Kxb5 39. c4+ Ka6 40. b4 {Av CentiPawn Loss W=-30/B=-102. Weighted=-42/-153} 1-0

[Event "Torneo Interdepartamental 2020"]
[Site "Punta del Este"]
[Date "2020.11.01"]
[Round "4.7"]
[White "Ibanez, Marcelo"]
[Black "Genta, Alejandro"]
[Result "0-1"]
[WhiteElo "2025"]
[BlackElo "2003"]
[Annotator "TA"]
[PlyCount "105"]
[EventDate "2020.10.31"]
[EventType "team-tourn"]
[EventCountry "URU"]
[SourceTitle "playchess.com"]
[Source "ChessBase"]
[SourceQuality "1"]

{[%evp 9,105,-7,7,-25,-22,-37,-38,-35,-41,-34,-31,-38,-22,-19,-17,-30,-28,-46,26,-46,-43,-174,-170,-251,-250,-261,-268,-266,-268,-264,-260,-291,-255,-265,-255,-296,-296,-305,-191,-287,-300,-297,-208,-321,-183,-178,-129,-172,-9,-1,0,-259,-260,-397,-377,-357,-364,-379,-366,-366,-386,-577,-383,-401,-307,-540,-312,-287,-288,-271,-191,-182,-183,-173,-187,-225,-230,-245,-228,-609,-602,-604,-583,-577,-558,-899,-925,-893,-882,-29978,-29979,-29979,-29980,-29986,-29987,-29988,-29989,-29989]} 1. b3 d5 2. Nf3 Nf6 3. Bb2 e6 4. g3 c5 5. Bg2 Nc6 6. d3 {A06: Réti Opening: 1 Nf3 d5.} Bd6 7. Nbd2 O-O 8. O-O {Black is slightly better.} e5 9. e4 d4 10. a4 {[#]} Ne8 $146 ({Predecessor:} 10... Rb8 11. Bc1 a6 12. Nc4 Bc7 13. a5 Be6 14. Bd2 h6 15. Kh1 Kh7 16. Qe1 Rg8 {½-½ (66) Cheng,B (2435)-Li,Z (2342) Melbourne 2014}) 11. Nc4 Bc7 12. Ba3 b6 13. Nh4 a6 (13... Rb8 $15) 14. Bc1 (14. f4 $1 $11) 14... Rb8 $15 15. f4 {[#]} ({Better is} 15. Nf5 $15) 15... exf4 $1 $19 16. Qe1 ({Reject} 16. Bxf4 Bxf4 17. Rxf4 g5) (16. Nf5 {was called for.}) 16... b5 17. axb5 axb5 18. Na3 fxg3 19. hxg3 g6 20. Bf4 Ng7 21. e5 Nb4 22. Qd2 Ne6 {aiming for ...g5.} 23. Nf3 Bd7 24. Ng5 (24. Bh6 {might work better.}) 24... Nxf4 25. gxf4 Bf5 26. Be4 (26. Ne4 $142) 26... Bxe4 (26... f6 $142 27. exf6 Qxf6) 27. Qh2 {[%csl Gg5][%cal Rh2h7]} h5 28. Nxe4 Qe7 $2 ({Black should play} 28... Nd5 $19 {next ...Ne3 is good for Black.} 29. Qg3 h4) 29. Nf6+ $11 Kg7 30. Qh4 $2 {[%mdl 8192] [#] Black continues to play with concentration.} (30. Rae1 $11) 30... Nd5 $1 $19 {[%cal Rd5f6][%mdl 576] Pin} 31. Rae1 (31. Nb1 {was necessary.}) (31. Nxd5 Qxh4) 31... Nxf6 32. exf6+ Qxf6 33. Qf2 b4 34. Nc4 Rfe8 35. Nd2 (35. Re4 $142) 35... Qf5 36. Ne4 Re6 37. Re2 $2 (37. Qg2) 37... Rbe8 {And now ...Qg4+ would win.} 38. Qg2 Qg4 ({Less strong is} 38... Bxf4 39. Ng3 $17) 39. f5 Qxg2+ ({Don't play} 39... gxf5 40. Rxf5 Rg6 41. Qxg4 $17) 40. Rxg2 Re5 41. fxg6 fxg6 42. Rf6 {[#]} g5 $1 {Strongly threatening ...Rxe4.} 43. Rc6 (43. Nxg5 Kxf6) 43... Bd8 44. Rxc5 $2 (44. Rh2 g4 45. Rf2) 44... Rxc5 45. Nxc5 {[%mdl 4096] Endgame KRB-KRN} g4 {Threatens to win with ...Re1+.} 46. Ne4 Kg6 47. Kf2 Bg5 48. Kg3 Rf8 49. Re2 Rf3+ {Black mates.} 50. Kg2 Be3 51. Nd6 h4 52. Nc4 h3+ 53. Kh2 {Av CentiPawn Loss W=-69/B=-27. Weighted=-74/-29} 0-1

[Event "Torneo Interdepartamental 2020"]
[Site "Punta del Este"]
[Date "2020.11.01"]
[Round "4.8"]
[White "Durante, Aurelio"]
[Black "Dominguez Orono, Walter"]
[Result "1-0"]
[WhiteElo "1937"]
[BlackElo "1668"]
[Annotator "RC"]
[PlyCount "81"]
[EventDate "2020.10.31"]
[EventType "team-tourn"]
[EventCountry "URU"]
[TimeControl "3600+30"]

1. e4 {[%emt 0:00:00]} c5 {[%emt 0:00:00]} 2. Nf3 {[%emt 0:00:00]} d6 {[%emt 0:00:14]} 3. c3 {[%emt 0:01:52]} Nf6 {[%emt 0:00:34]} 4. Be2 {[%emt 0:00:47]} g6 {[%emt 0:00:24]} 5. O-O {[%emt 0:00:26]} Bg7 {[%emt 0:00:10]} 6. Re1 {[%emt 0:00:09]} O-O {[%emt 0:00:08]} 7. Bf1 {[%emt 0:00:11]} Bg4 {[%emt 0:03:24]} 8. h3 {[%emt 0:00:35]} Bxf3 {[%emt 0:02:33]} 9. Qxf3 {[%emt 0:00:05]} Nc6 {[%emt 0:00:13]} 10. d3 {[%emt 0:03:03]} Rc8 {[%emt 0:03:04]} 11. Na3 {[%emt 0:03:50]} a6 {[%emt 0:03:17]} 12. Nc2 {[%emt 0:04:28]} Nd7 {[%emt 0:02:15]} 13. Rb1 {[%emt 0:00:31]} b5 {[%emt 0:00:57]} 14. Qd1 {[%emt 0:04:06]} Qb6 {[%emt 0:03:51]} 15. Ne3 {[%emt 0:03:24]} e6 {[%emt 0:08:19]} 16. Kh1 {[%emt 0:08:35]} Rfd8 {[%emt 0:06:37]} 17. f4 {[%emt 0:02:40]} Nf6 {[%emt 0:02:51]} 18. g4 {[%emt 0:01:57]} d5 {[%emt 0:02:40]} 19. e5 {[%emt 0:02:01]} Ne8 {[%emt 0:00:35]} 20. g5 {[%emt 0:04:18]} d4 {[%emt 0:02:24]} 21. Ng4 {[%emt 0:00:28]} dxc3 {[%emt 0:01:45]} 22. bxc3 {[%emt 0:00:02]} Qb7 {[%emt 0:01:16]} 23. Qf3 {[%emt 0:00:50]} Qd7 {[%emt 0:01:32]} 24. Be3 {[%emt 0:03:35]} Qd5 {[%emt 0:02:47]} 25. Qxd5 {[%emt 0:02:07]} Rxd5 {[%emt 0:00:10]} 26. c4 {[%emt 0:00:35]} bxc4 {[%emt 0:02:52]} 27. dxc4 {[%emt 0:00:11]} Rd7 {[%emt 0:01:09]} 28. Rb6 {[%emt 0:05:39]} Nb4 {[%emt 0:01:25]} 29. a3 {[%emt 0:00:41]} Nc2 {[%emt 0:00:36]} 30. Rc1 {[%emt 0:03:01]} Nxe3 {[%emt 0:01:19]} 31. Nxe3 {[%emt 0:00:02]} Nc7 {[%emt 0:01:07]} 32. Rc6 {[%emt 0:02:37]} Bf8 {[%emt 0:00:32]} 33. Kg2 {[%emt 0:02:57]} Rd2+ {[%emt 0:02:58]} 34. Kf3 {[%emt 0:00:11]} Ra2 {[%emt 0:00:55]} 35. Rc3 {[%emt 0:00:40]} Be7 {[%emt 0:02:26]} 36. Rd3 {[%emt 0:01:31]} Rd8 {[%emt 0:01:36]} 37. Rxc7 {[%emt 0:00:49]} Rxd3 {[%emt 0:00:44]} 38. Bxd3 {[%emt 0:00:03]} Rxa3 {[%emt 0:00:28]} 39. Ke4 {[%emt 0:00:38]} Bf8 {[%emt 0:01:14]} 40. Ng4 {[%emt 0:00:13]} f5+ 41. gxf6 1-0

[Event "Torneo Interdepartamental 2020"]
[Site "Punta del Este"]
[Date "2020.11.01"]
[Round "4.9"]
[White "Romero Calderon, Juan"]
[Black "Pinero, Ismael"]
[Result "0-1"]
[WhiteElo "2099"]
[BlackElo "1882"]
[Annotator "TA"]
[PlyCount "88"]
[EventDate "2020.10.31"]
[EventType "team-tourn"]
[EventCountry "URU"]
[SourceTitle "playchess.com"]
[Source "ChessBase"]
[SourceQuality "1"]

{[%evp 13,88,37,47,-116,-156,-121,20,22,18,21,20,-48,-35,-93,-35,-55,11,-62,-65,-91,-77,-82,-82,-93,-84,-77,-70,-62,-46,-62,0,0,0,0,22,9,24,25,33,10,181,195,172,46,183,12,16,0,0,0,0,0,0,-14,0,-98,0,0,0,0,0,0,0,0,0,0,8,0,0,0,0,-12840,-12840,-12841,-12842,-12842,-12842]} 1. e4 d6 2. d4 Nf6 3. Nc3 g6 4. Be3 Bg7 5. Qd2 O-O 6. f3 c6 7. O-O-O b5 {[%cal Bb7b5,Bb5b4][%mdl 32]} 8. d5 $2 {B07: Pirc Defence: Miscellaneous Systems.} (8. Bh6 $14 {keeps the upper hand.}) 8... b4 $17 {[#]} 9. Nce2 $146 ({Predecessor:} 9. Na4 cxd5 10. exd5 Qa5 11. b3 Bd7 12. Bd4 Bxa4 13. bxa4 Qxa4 14. Bc4 Nbd7 15. Bb3 Qa5 {0-1 (24) Vo,H-Bao,Q (2369) Hue 2005}) 9... c5 (9... cxd5 $17 {Hoping for ...Qa5.} 10. exd5 Qa5) 10. Bh6 $11 {The position is equal.} Nbd7 11. Bxg7 Kxg7 12. h4 (12. g4 $1 $11) 12... h5 $36 {[%mdl 2048] White is under pressure.} 13. Qg5 (13. Kb1 $15) 13... Nh7 ({Better is} 13... Ne5 $17) 14. Qe3 Ne5 (14... Qb6 $15) 15. Nh3 (15. g4 $1 $11) 15... a5 {[%cal Ba7a5,Ba5a4][%mdl 32]} 16. Ng5 Nf6 17. Nf4 a4 18. c4 bxc3 $1 19. Qxc3 Qb6 20. Nd3 Nxd3+ 21. Bxd3 Qb4 (21... Ba6 $15) 22. Qxb4 $11 cxb4 23. Kd2 Bd7 24. Rc1 Rfc8 25. Rxc8 Rxc8 26. Rc1 Rc5 $2 (26... Rxc1 $11 27. Kxc1 Ne8) 27. Rxc5 $18 dxc5 {[%mdl 4096] Endgame KBN-KBN} 28. f4 (28. Bc4 $18) 28... Ne8 (28... Ng4 $14) 29. Nf3 $2 (29. e5 $18) 29... f6 $11 30. Ke3 e6 31. Bc4 Nd6 32. Kd3 exd5 33. Bxd5 Bb5+ 34. Ke3 (34. Kc2 $11) 34... Kf8 (34... Bc4 $1 $17 {White must now prevent ...Bxd5.} 35. Nd2 Nf5+ $1 {[%mdl 512]} 36. Kf2 Bxd5 37. exd5 Nxh4) 35. Nd2 Ke7 36. Bg8 Bc6 37. g3 Bd7 38. Nc4 Nxc4+ 39. Bxc4 {KB-KB} Bh3 40. e5 fxe5 41. fxe5 Be6 42. Bxe6 $2 {[%mdl 8192]} (42. Kd3 $11 Bf5+ 43. Ke3) 42... Kxe6 $19 {Black is clearly winning.} 43. Ke4 c4 44. Kd4 {[#]} c3 $1 {[%mdl 512] Black used his chance. Av CentiPawn Loss W=-50/B=-21. Weighted=-56/-28} 0-1

[Event "Torneo Interdepartamental 2020"]
[Site "Punta del Este"]
[Date "2020.11.01"]
[Round "4.10"]
[White "Alzugaray, Ernesto"]
[Black "Aramburu, Gabriel"]
[Result "0-1"]
[WhiteElo "1620"]
[BlackElo "1813"]
[Annotator "NA RC"]
[PlyCount "43"]
[EventDate "2020.10.31"]
[EventType "team-tourn"]
[EventCountry "URU"]
[SourceTitle "playchess.com"]
[Source "ChessBase"]
[SourceQuality "1"]
[TimeControl "3600+30"]

{[%evp 8,43,16,6,0,2,6,6,24,3,38,40,45,5,49,47,53,50,42,0,19,-35,-31,-97,-53,-87,-75,-98,-97,-102,-94,-95,-80,-78,-36,-160,-135,-1306]} 1. d4 {[%emt 0:00:00]} Nf6 {[%emt 0:00:00]} 2. Bf4 {[%emt 0:00:00]} d6 {[%emt 0:00:07]} 3. h3 {[%emt 0:00:17]} Nbd7 {[%emt 0:01:09]} 4. Nf3 {[%emt 0:00:58]} g6 {[%emt 0:00:41]} 5. e3 {[%emt 0:00:31]} Bg7 {[%emt 0:01:18]} 6. Be2 {[%emt 0:00:12]} O-O {[%emt 0:00:22]} 7. O-O {[%emt 0:00:07]} c6 {[%emt 0:02:12]} 8. c4 {[%emt 0:00:54]} Re8 {[%emt 0:06:08]} 9. Nc3 {[%emt 0:00:50]} e5 {[%emt 0:02:23]} 10. Bh2 {[%emt 0:00:24]} Qe7 {[%emt 0:01:55]} 11. Re1 {[%emt 0:03:30] [#] E61: King's Indian: Early deviations for White, including Smyslov System.} b6 $146 {[%emt 0:01:34]} ({Predecessor:} 11... Nh5 12. Qc2 f5 13. Rad1 h6 14. d5 c5 15. Nd2 Nhf6 16. Bd3 e4 17. Bf1 a6 18. a4 Ne5 {0-1 (67) Stajkovski,S (1428)-Carvallo,H (2069) Europe Chess INT 2020}) 12. a4 {[%emt 0:01:39]} a5 {[%emt 0:00:51]} 13. d5 {[%emt 0:05:32]} cxd5 {[%emt 0:04:21]} 14. Nxd5 {[%emt 0:01:56]} Nxd5 {[%emt 0:00:43]} 15. Qxd5 {[%emt 0:01:32]} ({Better is} 15. cxd5 $15 Nc5 16. Bg3) 15... Ra7 {[%emt 0:02:14]} 16. Qd1 {[%emt 0:10:34]} Nc5 {[%emt 0:03:01]} 17. Qc2 {[%emt 0:04:15]} Bf5 {[%emt 0:01:31]} 18. Qc3 {[%emt 0:02:57]} Be4 {[%emt 0:03:16]} 19. Nd2 {[%emt 0:05:12]} Bc6 {[%emt 0:00:25]} 20. Qc2 {[%emt 0:02:00]} Qd7 {[%emt 0:03:01]} 21. e4 {[%emt 0:03:58]} (21. b3 $15) 21... Bxa4 {[%emt 0:01:23]} 22. Ra2 $19 {[%mdl 8192]} (22. b3 $17 Bc6 23. Ra2) 0-1